[Event "Palma de Mallorca FIDE GP"]
[Site "Palma de Mallorca"]
[Date "2017.11.23"]
[Round "7"]
[White "Eljanov, Pavel"]
[Black "Hammer, Jon Ludvig"]
[Result "1-0"]
[WhiteElo "2707"]
[BlackElo "2629"]
[Annotator "Sumets,A"]
[PlyCount "49"]
[EventDate "2017.11.16"]
[EventType "swiss"]
[EventRounds "9"]
[EventCountry "ESP"]
[SourceTitle "CBM 182"]
[Source "ChessBase"]
[SourceDate "2018.01.17"]
[SourceVersion "1"]
[SourceVersionDate "2018.01.17"]
[SourceQuality "1"]

1. e4 c6 2. Nf3 d5 3. exd5 cxd5 4. d4 {If I remember everything well then
Evgeny Ellinovich Sveshnikov was the first GM who played this line. After 4...
Nc6 White can play c4 or 5.Ne5.} Nf6 (4... Nc6 5. c4 (5. Ne5 a6 (5... e6 {
Sedlak,N (2550)-Wojtaszek,R (2711) Khanty-Mansiysk ol (Men) 39th 2010 (10.1)
0-1}) 6. c4 Nf6 7. Nc3 e6 (7... Nxe5 {Harikrishna,P (2725)-Dreev,A (2662)
EU-Cup 30th Bilbao 2014 (7.3) 1-0}) 8. Be2 Bd6 9. Nxc6 bxc6 10. O-O O-O 11. Bg5
Rb8 12. Rb1 h6 13. Bh4 Qc7 (13... Re8 14. Re1 Qc7 15. Bxf6 gxf6 16. g3 dxc4 (
16... f5 17. c5) 17. Bxc4 f5 $132) 14. Bxf6 gxf6 15. g3 f5 $6 (15... dxc4 16.
Bxc4) 16. c5 Be7 17. b4 $14 {Carlsen,M (2840)-Mamedyarov,S (2768) Doha 20161-0
(53)}) (5. Bb5 e6 6. Ne5 Bd7 7. Nxd7 Qxd7 8. c3 Nf6 9. O-O Bd6 10. Nd2 O-O 11.
f4 Qc7 12. g3 a6 13. Bd3 b5 14. a3 Na5 $132 {Predke,A (2566)-Rodshtein,M (2698)
Minsk 2017 0-1 (47)}) 5... Nf6 6. Nc3 Bg4 7. cxd5 Nxd5 8. Qb3 Bxf3 9. gxf3 e6
10. Qxb7 Nxd4 11. Bb5+ Nxb5 12. Qc6+ Ke7 13. Qxb5 Qd7 14. Nxd5+ Qxd5 15. Bg5+
f6 16. Qxd5 exd5 17. Be3 {1-0 (54) Sveshnikov,E (2512)-Molina,R (2423) Albena
2013. According to modern theory, Black doesn't have any problems to make a
draw.}) 5. Bf4 {We can get this position after 1.d4 d5 2.Bf4 c5 3.e3 Nf6 4.Nf3
cxd4 5.exd4 or after 1.Nf3 Nf6 2.e3 c5 3.d4 cxd4 4.exd4 d5 5.Bf4.} Bg4 6. Nbd2
(6. c3 {White can delay Nbd2 and attack the b-pawn after 6.c3 Nc6 7.Qb3.} Nc6
7. Qb3 {Now Black can not sacrifice the b7-pawn, he has to choose between 7...
Na5 and 7....Qc8:} Na5 (7... Qc8 8. Nbd2 e6 9. Bd3 Be7 10. O-O Bh5 $1 (10...
O-O 11. Ne5 Nxe5 12. Bxe5 Nd7 13. Bf4 Nb6 $6 14. a4 Bf5 15. Bxf5 exf5 16. Rfe1
$16 {Wei,Y (2707)-Malakhov,V (2713) Doha 2016 1-0 (28)}) 11. Rae1 Bg6 12. Bxg6
hxg6 13. h4 a6 14. c4 a5 15. a3 a4 16. Qd3 O-O $11 {Kramnik,V (2803)-Ivanchuk,
V (2728) Tbilisi 2017 0-1 (71)}) 8. Qa4+ Bd7 9. Qc2 e6 (9... g6 $5 10. Bd3 Bg7
11. O-O O-O 12. Qe2 Nh5 13. Be3 Qc7 14. Nbd2 Rfe8 15. Rfe1 Rac8 16. h3 Nf4 17.
Bxf4 Qxf4 $11 {1/2 (22) Megaranto,S (2499)-Khenkin,I (2610) Amsterdam 2005})
10. Bd3 Qb6 $6 {Bacrot,E (2715)-Fier,A (2579) FIDE World Cup 2017 (1.3) 1-0})
6... Nc6 7. c3 e6 8. Qb3 Bd6 (8... Qc8 9. Bd3 {see 6.c3 Nc6 7.Qb3 Qc8 8.Nbd2
e6 9.Bd3.}) 9. Qxb7 O-O 10. Bg3 $1 $146 {This is a very logical novelty,
approved by the computer.} (10. Bxd6 Qxd6 11. Bb5 Bxf3 $1 12. Nxf3 $2 (12. Qxc6
$1 Qxc6 13. Bxc6 Bxg2 14. Rg1 Rac8 $11) 12... Nb4 $1 13. cxb4 $8 (13. O-O Rfb8
$19) 13... Qxb4+ 14. Ke2 $2 (14. Nd2 Ne4 15. Rd1 Rab8 16. Qa6 Rxb5 17. O-O Ra5
18. Qd3 Nxd2 19. Rxd2 Rxa2 $17) 14... Rab8 15. Qxa7 Qxb5+ $19 {0-1 (24)
Fernandez Aguilar,F (2114)-Cuartas,J (2455) Barcelona 2016}) (10. Qxc6 $2 Bxf4
11. Bd3 Rb8 12. Rb1 Qa5 13. Qa6 (13. g3 Bf5 14. Bxf5 Rfc8 $17) 13... Qxa6 14.
Bxa6 Bf5 $17) 10... Rc8 11. Bd3 {After this move Black has some compensation
for the sacrificed pawn.} (11. Qa6 $1 Ne4 12. Bb5 Nxg3 13. hxg3 Qc7 14. O-O $16
{White has an extra pawn without any compensation.}) 11... Bxg3 12. hxg3 Qd6
13. Qa6 Rb8 14. Nb3 Rb6 15. Qa4 e5 16. dxe5 Nxe5 17. Nxe5 Qxe5+ 18. Kf1 (18.
Kd2 Ne4+ 19. Kc2 Nxf2 20. Bxh7+ Kh8 21. Bd3+ Kg8 22. Bh7+ $11) 18... Re8 $2 {
After 19.Bxh7 Black will not have enough compensation for the sacrificed pawns.
} ({Black could level the game after} 18... Bf5 $1 19. Be2 (19. Bxf5 Qxf5 20.
Kg1 Qc2 21. Qxa7 Re6 22. Rf1 Qxb2 23. Nd4 Re5 24. Rh4 Rfe8 $11) 19... Bc2 20.
Rc1 (20. Qxa7 Rfb8 21. Rh4 Bxb3 22. axb3 Rxb3 $11) 20... Bxb3 21. axb3 Ne4 22.
Rd1 Re8 23. Bf3 Nxf2 24. Kxf2 Qe3+ 25. Kf1 Rf6 26. Qg4 Qe2+ 27. Kg1 Qe3+ 28.
Kf1 Qe2+ $11) 19. Bxh7+ Nxh7 20. Qxg4 Rf6 $6 (20... Rg6 21. Qd1 Rf6 22. Nd4 $1
Qxg3 23. Nf3 Qd6 24. Qd3 $16) 21. Nd4 $1 {White's position is completely
winning.} Ng5 22. Kg1 Rxf2 $5 {This doesn't work, but in any case Black's
position is lost.} (22... Qe1+ 23. Rxe1 Rxe1+ 24. Kh2 Rh6+ 25. Qh4 $18) 23.
Kxf2 Qe3+ 24. Kf1 Ne4 {It seems that Black should win the game, but} 25. Qxg7+
$1 1-0

[Event "FIDE World Cup"]
[Site "Baku"]
[Date "2015.09.17"]
[Round "3.1"]
[White "Mamedyarov, Shakhriyar"]
[Black "Sethuraman, SP."]
[Result "1-0"]
[WhiteElo "2736"]
[BlackElo "2640"]
[Annotator "Sethuraman,SP"]
[PlyCount "81"]
[EventDate "2015.09.11"]
[EventType "k.o."]
[EventRounds "7"]
[EventCountry "AZE"]
[SourceTitle "CBM 169"]
[Source "ChessBase"]
[SourceDate "2015.11.10"]
[SourceVersion "1"]
[SourceVersionDate "2015.11.10"]
[SourceQuality "1"]

{After winning two of my previous matches against Grandmaster Sjugirov and
Grandmaster Harikrishna with a score of 2-0 and 1.5-0.5, I had to face the
experienced local superstar Shakriyar in the third round. I had a rest day
before the game since I had won the previous match without going into rapid
tiebreaks. So I was making a note of all the options my opponent would play
but somehow to check the sharp Panov Botvinnik Attack never came into my mind
but it actually happened in the game.} 1. c4 c6 2. e4 d5 3. exd5 cxd5 4. d4 Nf6
5. Nc3 Nc6 6. Bg5 (6. Nf3 Bg4 7. cxd5 Nxd5 8. Qb3 Bxf3 9. gxf3 e6 10. Qxb7 Nxd4
{Thousands of games have been played here and the latest word is: Black
equalises in this long forcing endgame.}) 6... dxc4 (6... Be6 {is another
possibility leading to complex positions.}) 7. Bxc4 Qxd4 (7... h6 {is the
mainline} 8. Bh4 (8. Bf4) 8... Qxd4 (8... e6) 9. Qxd4 Nxd4 10. O-O-O e5 11. f4
Bg4 12. Nf3 Bxf3 13. gxf3 Rc8 14. fxe5 (14. Bf1 Nd5 15. fxe5 Nxc3 16. bxc3 Ba3+
$13) 14... Rxc4 15. exf6 Ne6 {[%csl Rh4]} 16. Bf2 Bb4 17. fxg7 Rg8 18. Kc2 Rxg7
19. Kb3 Rf4 20. Bxa7) 8. Qxd4 Nxd4 9. O-O-O e5 10. f4 Bg4 11. Nf3 Bxf3 12. gxf3
Rc8 13. fxe5 Rxc4 14. exf6 Ne6 15. Rhe1 g6 {I played pretty fast until this
point and somehow during the game I was always in a mindset that this position
without the inclusion of 7...h6 8.Bh4 is how players nowadays handle it and
also firmly remembered that there was a game of Bacrot-Shirov 2014 in
Poikovosky and I had analysed it a long way back and found that Black held in
the game without any problems. That's all I knew about this position. This is
the problem of blindly following without remembering the proper analysis and
then suddenly on the board after blitzing out the opening moves you end in a
difficult position and it becomes too late to realise what has happened.} 16.
Kb1 (16. Re4 Rxe4 17. Nxe4 Nxg5 18. Nxg5 Bh6 19. f4 Bxg5 20. fxg5 h6 21. h4
hxg5 22. hxg5 Rh5 23. Rd5 Rh1+ 24. Kd2 Rh2+ 25. Kc3 Rh3+ 26. Kc4 Rh4+ 27. Kc3
Rh3+ {1/2-1/2 (48) Bacrot Etienne (FRA) (2721)-Shirov,A (2703) Poikovsky RUS
2014}) 16... Bb4 (16... Rc6 $1 {is the right key move preparing ...Bd6. This
is the move you have to remember and the follow-up while planning to enter
into this position from the start. But anyway objectively speaking White has a
dominating position and a clean initiative even after 16...Rc6 and Black lacks
development and co-ordination. So still it remains a mystery why and on what
basis I entered into this variation which is hard for myself to explain.} 17.
Ne4 $1 (17. Nb5 Rc5 18. a4 a6 19. b4 Rc4 20. Nd4 h6 21. Nxe6 Rxb4+ 22. Kc2 fxe6
23. f7+ Kxf7 24. Rd7+ Ke8 25. Rd8+ Kf7 26. Rd7+ Ke8 27. Rd8+ Kf7 {1/2-1/2 (27)
Petr,M (2526)-Neuman,P (2463) Czechia 2012}) (17. Nd5 Bd6 18. Bh6 Kd7 19. Re2
Rd8 20. Be3 Bc5 21. Bxc5 Rxc5 22. Rxe6 fxe6 23. Nf4+ Rd5 $1) 17... Bb4 18. Re3
$1 (18. Bd2 Bxd2 19. Rxd2 O-O 20. Rd7 Rb8 21. Red1 h6 22. h4 (22. a3 a6 (22...
g5 23. b4) 23. b4 b5 24. h4 Nf4) 22... a6 23. a3 Nc5) 18... O-O 19. Bh6 Rb8 (
19... Rfc8 20. Rb3 $1 a5 21. a3 Nc5 22. Re3 Nxe4 23. axb4 Nxf6 24. bxa5 $16)
20. Rd7 (20. Rb3 Bf8 21. Be3 a6 22. Ba7 (22. Rd7 b5) 22... Rd8) 20... Bf8 (
20... Rc7 21. Rxc7 Nxc7 22. Bf4 Rc8 23. Bd6 $16) (20... a5 21. a3 Bf8 22. Bxf8
Nxf8 23. Re7 b6 24. Rd3 {and White is on top}) 21. Bxf8 Nxf8 22. Re7 Rd8 23. a4
Rd1+ 24. Ka2 Rd4 25. Ka3) 17. Rxe6+ {In the spirit of Shakhriyar. I knew
Shakriyar would go for this as he is always known for these kinds of sacrifice,
gaining a strong initiative. Practically I was more worried about the calm and
simple positional approach with 17.Re4 and White has a huge positional
advantage and he can bring his king slowly and improve his position, whereas
here after 17.Rxe6+ White has to play in a more accurate manner not to lose
his initiative.} (17. Re4 Rxe4 18. Nxe4 O-O 19. Rd7) 17... fxe6 18. f7+ Kxf7
19. Rd7+ Kf8 (19... Kg8 20. Bf6 Rf4 21. Ne4 Rxf3 22. Be5 Re3 23. Nf6+ Kf8 24.
Rxb7 Re1+ (24... Rxe5 25. Nd7+ Kg7 26. Nxe5+ Kf6 (26... Be7 27. Rxe7+ Kf6 28.
Nc6 Rc8 29. Nxa7 $18) 27. Nd7+ $18) 25. Kc2 Rxe5 26. Nd7+ Kg7 27. Nxe5+ Be7 28.
Rxe7+ Kf6 29. Rxa7 $16 (29. Nc6 Rc8)) 20. Rd8+ Kg7 21. Rd7+ Kf8 22. Ne4 h6 23.
Rd8+ (23. Bf6 Rg8 24. Rxb7 {After the game Grandmaster Shakriyar told this was
just a stronger option with a dominating position compared to what he played
in the game} g5 25. a3 $1 (25. Rxa7 g4) (25. b3 Rxe4 26. fxe4 a5) 25... Rxe4
26. fxe4 Bd6 (26... Bc5 27. b4 Bg1 28. Be5 $16) 27. e5) 23... Kf7 24. Rxh8 hxg5
25. Rh7+ Kf8 $1 (25... Ke8 26. Rxb7 g4 27. Nf6+) 26. Nxg5 (26. Rxb7 g4 27. b3
Rd4 28. Ng5 gxf3 $1 {This was the trick I was counting on when I played 22...h6
} 29. Nxe6+ (29. Nxf3 Rf4 30. Ne5 Rf1+ 31. Kc2 Rf2+ (31... a5) 32. Kd3 a5)
29... Ke8) 26... Be7 27. Nxe6+ Ke8 28. a3 $1 {A strong waiting move asking
Black what is his next move. It put me into an unpleasant situation since
White has the strong threat of f4-f5.} (28. f4 {immediately is possible too.
But when he can improve his position and also carry out the same threat later
why not to improve. "The threat is better than the execution" :)} Rc6 29. f5)
28... b5 {During the game I was deciding between 28...b5 and 28...a5 which one
is not so weakening when White carries out his f4-f5 plan but it was not easy
to come to any conclusion. Perhaps 28..a5 was a better choice.} (28... a5 $142
29. f4 Rc6 30. f5 Bf6) 29. Rg7 $6 (29. f4 $1 a5 (29... Rc6 30. Nd4 Rc4 31. Nxb5
a6 32. b3 $1 $16) 30. f5 gxf5 31. Ng7+ Kd8 32. Nxf5 $16) 29... a5 30. f4 b4 31.
axb4 Bf6 $1 {Trying to make the position messier.} 32. Rxg6 Kf7 33. f5 (33. Rg4
Kxe6 34. f5+ Kd5) 33... Rxb4 34. Rg2 Be5 $2 {Until this point I found some
nice resources to create some chance to hold the game. Now comes the decisive
mistake. In fact I noticed his 35.Nd8+ and the consequences after that while
playing 31...Bf6 but always thought that when he plays 36.Nc6 attacking the
rook and bishop I had this trick of 36...Rxb2+ 37.Rxb2 Bxb2 38.Kxb2 Kxf5 and
then I can go and take the h2-pawn. So I played 34...Be5 immediately without
thinking in order to save time, since I was running low on time. Later after
playing the move I realised that he can come with his knight to f3. Instead 36.
..Be5 36...Rh4 was the right way with good chances to hold which I spotted
immediately after playing 34...Be5. Often You find the right move immediately
after the blunder... by then it was too late!} (34... Rh4 $1 35. Rd2 Rh5) 35.
Nd8+ Kf6 36. Nc6 Rf4 (36... Rh4 37. Nxe5 Kxe5 38. Rf2 Kf6 39. Ka2 $18) (36...
Rxb2+ 37. Rxb2 Bxb2 38. Kxb2 Kxf5 39. Kb3 Kg4 40. Nd4 Kh3 41. Nf3 $18) 37. Re2
$1 Bc7 38. Ne7 Rf1+ 39. Ka2 Bf4 40. Nd5+ Kxf5 41. Re8 {And Shakriyar drew the
second game with the black pieces without any problems to win this mini match.
Later he continued his fine form by beating Caruana and was only stopped by
the World Cup winner Karjakin in the rapid games.} 1-0

[Event "EU-chT (Men) 21st"]
[Site "Heraklion"]
[Date "2017.11.06"]
[Round "9.4"]
[White "Berkes, Ferenc"]
[Black "McShane, Luke J"]
[Result "1-0"]
[WhiteElo "2661"]
[BlackElo "2647"]
[Annotator "Roiz,M"]
[PlyCount "71"]
[EventDate "2017.10.28"]
[EventType "team-swiss"]
[EventRounds "9"]
[EventCountry "GRE"]
[SourceTitle "CBM 182"]
[Source "ChessBase"]
[SourceDate "2018.01.17"]
[SourceVersion "1"]
[SourceVersionDate "2018.01.17"]
[SourceQuality "1"]
[WhiteTeam "Hungary"]
[BlackTeam "England"]
[WhiteTeamCountry "HUN"]
[BlackTeamCountry "ENG"]

1. d4 d5 2. Nf3 Nf6 3. Bf4 {The London System has recently gained some
popularity, mainly due to the efforts of Magnus Carlsen, Vladimir Kramnik and
Gata Kamsky.} c5 4. e3 Nc6 5. Nbd2 Bg4 ({Another challenging continuation
might lead to sharp play:} 5... Qb6 6. dxc5 Qxb2 7. Rb1 Qc3 8. Bb5 e6 9. O-O
Be7 (9... Qxc5 10. c4 Be7 11. Nb3 Qa3 12. Ne5 $36 {Naiditsch,A - Wells,P
Antalya TUR 2017}) 10. Ne5 Bd7 11. Nd3 O-O 12. Bc7 b6 13. Rb3 Qa5 14. c4 Rac8
$132 {Indjic,A - Fridman,D Warsaw POL 2017}) 6. c3 cxd4 {Releasing the tension
in the centre makes White's play somewhat easier.} ({Another option is} 6... e6
7. Qb3 Qc8 8. h3 Bh5 9. g4 Bg6 10. Nh4 Ne4 11. Nxg6 Nxd2 12. Qd1 hxg6 13. Qxd2
Qd7 14. Bg2 cxd4 15. exd4 Bd6 $11 {Prohaszka,P - Horvath,J Hungary HUN 2016})
7. exd4 e6 8. Qb3 Qc8 9. Bd3 Be7 10. O-O O-O ({Possibly, a somewhat more
precise move is} 10... Bh5 $5 {immediately solving the problem of the
misplaced Bg4. For instance,} 11. Rae1 Bg6 12. Bxg6 hxg6 13. h4 a6 14. c4 a5
15. a3 a4 16. Qd3 O-O $11 {Kramnik,V - Ivanchuk,V Tbilisi GEO 2017}) 11. Qc2
Bh5 12. Ne5 {Now almost all White's forces are ready for attacking the
opponent's king.} a6 $6 {This move turns out to be a loss of time, since Black
wouldn't be able to make progress on the queenside.} ({GM Berkes must have
good memories from his experience with this position:} 12... Kh8 13. Rae1 Nxe5
14. Bxe5 Bg6 15. f4 $2 ({A better try was} 15. Bxg6 hxg6 16. Re3 $14) 15...
Bxd3 16. Qxd3 g6 $2 ({Both players missed} 16... Ne4 $1 17. Nxe4 dxe4 18. Qxe4
f6 $17 {and White is in troubles.}) 17. Qh3 Kg8 18. Rf3 $40 {Berkes,F - Fang,Y
Paracin SRB 2016, White was able to develop a powerful attack and soon won.}) (
{The best way of handling the position seems to be} 12... Bd6 {, inviting
simplifications} 13. Rae1 ({But} 13. Nxc6 {is harmless:} Qxc6 14. Be5 Bg6 15.
Rae1 Bxd3 16. Qxd3 Bxe5 17. dxe5 Nd7 $11 {Timman,J - Huebner,R Bugojno 1982})
13... Qc7 14. Bg3 Rac8 15. Qb1 Rb8 16. a4 a6 $14 {Keitlinghaus,L - Roos,D
Elsass 2004; Black was slightly worse, but very solid.}) 13. Rae1 Bg6 (13... b5
{is hardly any better:} 14. a3 Qb7 15. Bg5 a5 16. Re3 $36) 14. Nxg6 hxg6 15.
Nf3 b5 16. a3 Ra7 {This novelty doesn't make Luke's position more attractive.}
({The previously played} 16... Qb7 17. Qe2 $16 {Weeramantry,S -Dandridge,M
Chicago 1995; also didn't offer Black any counter-play.}) 17. Qe2 Re8 $2 {
This is already a decisive mistake!} ({Also in the event of} 17... Na5 18. h4
Nc4 19. g3 a5 20. Ra1 $16 {Black would be doomed to a passive defence, but it
was the lesser evil!}) 18. h4 Bd8 19. g3 {White isn't in a rush - Black lacks
any adequate ideas.} Ne7 (19... Bc7 20. Ne5 Nxe5 21. dxe5 Nd7 22. Qg4 {and h5
is coming; things are absolutely hopeless.}) 20. Kg2 Nf5 21. Rh1 $18 {
Everything is ready for the final storm.} Bc7 22. Ne5 Bb8 {Alas, Black's last
moves make a poor impression.} 23. g4 (23. h5 {was also good enough:} Nxh5 24.
Rxh5 gxh5 25. Qxh5 g6 26. Qh3 Kg7 27. Bxf5 Rh8 28. Bxe6 Qxe6 (28... fxe6 29.
Qg4 $18) 29. Qxe6 fxe6 30. Nc6 $18) 23... Nd6 24. h5 Nfe4 {Desperation.} 25.
hxg6 f6 26. Qf3 Kf8 27. Rh7 Rb7 28. Bc1 {The rest is just an agony.} Rd8 29. g5
Nf5 30. Nf7 Rxf7 31. gxf7 fxg5 32. Bxe4 dxe4 33. Rxe4 Bf4 34. Bxf4 gxf4 35. Qh5
f3+ 36. Kxf3 1-0

[Event "Corus-B"]
[Site "Wijk aan Zee"]
[Date "2005.01.30"]
[Round "13"]
[White "Mamedyarov, Shakhriyar"]
[Black "Smeets, Jan"]
[Result "0-1"]
[WhiteElo "2657"]
[BlackElo "2475"]
[Annotator "Dautov,R"]
[PlyCount "114"]
[EventDate "2005.01.15"]
[EventType "tourn"]
[EventRounds "13"]
[EventCountry "NED"]
[EventCategory "13"]
[SourceTitle "CBM 105"]
[Source "ChessBase"]
[SourceDate "2005.04.11"]
[SourceVersion "1"]
[SourceVersionDate "2005.04.11"]
[SourceQuality "1"]

1. c4 c6 2. e4 d5 3. exd5 cxd5 4. d4 Nf6 5. Nc3 Nc6 6. Bg5 dxc4 7. Bxc4 Qxd4 8.
Qxd4 Nxd4 9. O-O-O e5 10. f4 Bg4 11. Nf3 Nxf3 (11... Bxf3 $5 12. gxf3 Rc8 $1
13. fxe5 Rxc4 14. exf6 g6 $11 {Hansen,S-Nielsen,P/Copenhagen 1996}) 12. gxf3
Bxf3 13. fxe5 Bxh1 {In meinen Anmerkungen zu Grischuk-Bareev habe ich diesen
Zug als entscheidenden Fehler bezeichnet. Es scheint, daß diese Einschätzung
voreilig war...} 14. exf6 h6 $1 $146 {Eine starke Neuerung, die es Schwarz
erlaubt, die Stellung zu halten.} (14... Bc6 $2 15. Nb5 $18) (14... Rc8 $2 15.
Re1+ Kd7 16. Rd1+ $1 Bd6 17. Be2 gxf6 18. Bxf6 Bg2 19. Be5 Ke6 20. Bxd6 Rhd8
21. Bg3 $16 {Grischuk,A-Bareev,E/Moscow 2004}) 15. Re1+ {Es sieht sehr logisch
aus, Weiß verhindert ein für allemal die schwarze Rochade.} (15. Bh4 $5 Bf3 (
15... g5 $5 16. Bg3 Bf3) 16. Rd3 (16. Bb5+ Bc6 17. Nd5 O-O-O 18. Nb6+ axb6 19.
Rxd8+ Kc7 20. Bxc6 g5 $17) 16... Rc8 17. Re3+ Kd7 18. Rd3+ Ke8 19. Re3+ $11)
15... Kd7 16. Rd1+ Ke8 $2 {Dieser Rückzug spielt Weiß nur in die Hände. Ich
sehe nicht, was der Nachziehende nach 16...Kc8! zu befürchten hätte.} (16...
Kc7 $2 17. Bf4+ Kb6 18. Rxh1 $16) (16... Kc6 $2 17. Bb5+ Kb6 18. Be3+ Bc5 19.
Bxc5+ Kxc5 20. Rxh1 $16) (16... Kc8 $1 17. Bh4 (17. Rd8+ Kc7 18. Rxa8 hxg5 19.
Bxf7 gxf6 $17) 17... g5 18. Bxf7 gxh4 19. Nb5 Bc5 20. Be6+ Kb8 21. Rxh1 a6 $17)
17. Bh4 $16 Rc8 (17... g5 18. Bg3 Rc8 (18... Bc6 19. Nb5 $18) (18... Bf3 19.
Bb5+ Bc6 20. Nd5 Rc8 21. Nc7+ Rxc7 22. Bxc7 $18) 19. Re1+ Kd8 20. Bxf7 $16) (
17... Bf3 18. Bb5+ Bc6 19. Nd5 Rc8 20. Nc7+ Rxc7 21. Rd8+ Kxd8 22. fxg7+ Ke8
23. gxh8=Q Bxb5+ 24. Kd2 $16) 18. Be2 $2 {Mit diesem Zug vergibt Mamedyarov
seinen Vorteil. Stattdessen sollte er schlicht den Bauern f7 nehmen.} (18. Re1+
$1 Kd7 19. Bxf7 Rxc3+ $8 20. bxc3 g5 21. Be6+ Kc6 22. Bf2 $16) 18... g5 19. Bg3
Be4 20. Bg4 Rxc3+ 21. bxc3 Ba3+ 22. Kd2 h5 23. Ke3 Bc2 24. Bd7+ Kf8 25. Rd5 $44
{Weiß hat ohne Zweifel Kompensation für den Bauern, aber mehr auch nicht.} Bc1+
26. Kd4 Kg8 27. Be8 $2 {Dieser Läufer stünde deutlich besser auf c8.} (27. Bc8
$1 b6 28. Rd7 h4 29. Be5 Bg6 30. Rxa7 Kh7 $11) 27... h4 28. Be5 Bg6 29. Rd7 h3
$1 $17 {Schwarz übernimmt die Initiative, seine Bauern g5 und h3 werden
gefährlich.} 30. Bg3 Bf4 31. Rxb7 (31. Bxf4 Rh4 32. Rxb7 Rxf4+ $17) 31... Bxg3
32. hxg3 h2 33. Bc6 Rh3 34. Bh1 Rxg3 35. Rb8+ Kh7 36. Rb2 Rh3 37. c4 Bf5 38. c5
Kg6 39. c6 Kxf6 $19 40. Rf2 Kg6 41. c7 Rh8 42. Ke5 f6+ 43. Kd6 g4 44. Kc6 Kg5
45. Rd2 g3 46. Rd8 Rh4 47. Kc5 Rh7 48. Kc6 Kf4 49. Re8 Bh3 50. Re4+ Kg5 51. Re2
Rh8 52. Kb7 Kf4 53. Re4+ Kf5 54. Re2 g2 55. Rf2+ Ke5 56. Rxg2 Bxg2+ 57. Bxg2
Kf4 (57... Kf4 58. c8=Q Rxc8 59. Kxc8 Kg3 60. Bh1 f5 $19) 0-1